000 01301nam a2200301 i 4500
001 196914
003 ES-MaACL
005 20260216183929.0
008 250130b2025 sp ||||| |||| 00| 0 spa d
017 _aCC 00000 5-2025
_bOficina Depósito Legal Cáceres
020 _a9788412919288
040 _bspa
_cES-MaACL
100 1 _aRamos Rubio, José Antonio,
_d1963-
_eaut
_9174430
245 1 3 _aEl patrimonio arqueológico y cultural de Santibáñez el Alto y su territorio :
_bel alma de San Juan de Mascoras /
_cJosé Antonio Ramos Rubio, académico C, de la Real Academia de la Historia.
260 _aCáceres :
_bTau Editores,
_c2025.
264 _c©2025.
300 _a193 páginas :
_bilustrado en blanco y negro ;
_c23 cm
336 _2rdacontent
_atexto
337 _2rdamedia
_asin mediación
338 _2rdacarrier
_avolumen
651 7 _9153482
_aCáceres (Provincia)-
_xDescripción
852 _aES-MaACL
_cDEPOJ
_jN-10306
_xEncuadernación rústica con solapas
_9206428
_hDonación: José Antonio Ramos Rubio
903 _aRamos Rubio, José Antonio,
_d1963-
_ednr
_9174430
942 _cMONOGRAFIA
_n0
999 _c196914
_d196914